[Event "NSV Open-ch Rapid 2019"]
[Site "Lueneburg"]
[Date "2019.08.03"]
[Round "1.20"]
[White "Schubert, Karl Heinz"]
[Black "Joppien, Arne"]
[Result "0-1"]
[WhiteElo "1335"]
[BlackElo "1940"]
[Annotator "NA"]
[PlyCount "94"]
[EventDate "2019.08.03"]
[EventType "swiss"]
[EventCountry "GER"]
[SourceTitle "playchess.com"]
[Source "ChessBase"]
[SourceQuality "1"]
[TimeControl "600+5"]

1. e4 {[%emt 0:00:00]} c6 {[%emt 0:00:00]} 2. b3 {[%emt 0:00:01]} e5 {[%emt 0:00:00]} 3. Bb2 {[%emt 0:00:01]} d6 {[%emt 0:00:13]} 4. Nf3 {[%emt 0:00:07]} Bg4 {[%emt 0:00:05]} 5. h3 {[%emt 0:00:02]} Bxf3 {[%emt 0:00:02]} 6. Qxf3 {[%emt 0:00:02]} Nf6 {[%emt 0:00:08]} 7. d3 {[%emt 0:00:26]} g6 {[%emt 0:00:16]} 8. Be2 {[%emt 0:00:05]} Bg7 {[%emt 0:00:02]} 9. Nc3 {[%emt 0:00:04]} O-O {[%emt 0:00:01]} 10. g4 {[%emt 0:00:09]} Nbd7 {[%emt 0:00:50]} 11. h4 {[%emt 0:00:02]} b5 {[%emt 0:00:48]} 12. g5 {[%emt 0:00:15]} Nh5 {[%emt 0:00:13]} 13. Qg2 {[%emt 0:00:19]} Nf4 {[%emt 0:00:03]} 14. Qg4 {[%emt 0:00:15]} b4 {[%emt 0:00:16]} 15. Nd1 {[%emt 0:00:02]} d5 {[%emt 0:00:14]} 16. Bc1 {[%emt 0:00:15]} dxe4 {[%emt 0:01:11]} 17. Bxf4 {[%emt 0:00:11]} exf4 {[%emt 0:00:22]} 18. Rb1 {[%emt 0:00:15]} exd3 {[%emt 0:00:02]} 19. Bxd3 {[%emt 0:00:06]} Re8+ {[%emt 0:00:12]} 20. Kf1 {[%emt 0:00:11]} Ne5 {[%emt 0:00:21]} 21. Qe2 {[%emt 0:00:20]} Nxd3 {[%emt 0:02:05]} 22. Qxd3 {[%emt 0:00:03]} Qxd3+ {[%emt 0:00:02]} 23. cxd3 {[%emt 0:00:02]} Rad8 {[%emt 0:00:04]} 24. Nb2 {[%emt 0:00:09]} Bxb2 {[%emt 0:00:06]} 25. Rxb2 {[%emt 0:00:02]} Rxd3 {[%emt 0:00:01]} 26. h5 {[%emt 0:00:07]} Rd1+ {[%emt 0:00:53]} 27. Kg2 {[%emt 0:00:03]} Rxh1 {[%emt 0:00:03]} 28. Kxh1 {[%emt 0:00:03]} gxh5 {[%emt 0:00:02]} 29. Rc2 {[%emt 0:00:02]} Re6 {[%emt 0:00:07]} 30. Rc4 {[%emt 0:00:04]} Re2 {[%emt 0:00:37]} 31. Kg2 {[%emt 0:00:01]} Rxa2 {[%emt 0:00:02]} 32. Rxc6 {[%emt 0:00:11]} Rb2 {[%emt 0:00:24]} 33. Rh6 {[%emt 0:00:02]} Rxb3 {[%emt 0:00:04]} 34. Rxh5 {[%emt 0:00:02]} a5 {[%emt 0:00:02]} 35. Rh4 {[%emt 0:00:06]} a4 {[%emt 0:00:05]} 36. Rxf4 {[%emt 0:00:03]} a3 {[%emt 0:00:01]} 37. Rd4 {[%emt 0:00:09]} a2 {[%emt 0:00:03]} 38. Rd1 {[%emt 0:00:01]} Rb1 {[%emt 0:00:01]} 39. Rd8+ {[%emt 0:00:06]} Kg7 {[%emt 0:00:01]} 40. Kf3 {[%emt 0:00:03]} a1=Q {[%emt 0:00:05]} 41. Kg4 {[%emt 0:00:09]} Rg1+ {[%emt 0:00:08]} 42. Kf4 {[%emt 0:00:06]} Qc1+ {[%emt 0:00:05]} 43. Kf3 {[%emt 0:00:07]} Qxg5 {[%emt 0:00:07]} 44. Rd4 {[%emt 0:00:09]} b3 {[%emt 0:00:11]} 45. Rb4 {[%emt 0:00:09]} b2 {[%emt 0:00:28]} 46. Rxb2 {[%emt 0:00:04]} Qd5+ {[%emt 0:00:04]} 47. Kf4 {[%emt 0:00:15]} Qd4+ {[%emt 0:00:05]} 0-1

[Event "NSV Open-ch Rapid 2019"]
[Site "Lueneburg"]
[Date "2019.08.03"]
[Round "1.21"]
[White "Becker, Martin Alexander"]
[Black "Marzik, Arne"]
[Result "1-0"]
[WhiteElo "2373"]
[BlackElo "1366"]
[Annotator "TA"]
[PlyCount "73"]
[EventDate "2019.08.03"]
[EventType "swiss"]
[EventCountry "GER"]
[SourceTitle "playchess.com"]
[Source "ChessBase"]
[SourceQuality "1"]

{[%evp 9,72,-2,0,0,0,0,12,12,6,6,11,4,4,6,20,14,12,13,18,21,22,3,9,14,24,0,69,68,136,140,135,143,229,214,423,425,445,437,445,414,413,409,406,400,400,398,481,390,389,369,391,390,392,371,383,375,378,374,551,527,29998,567,29999,29983,29999]} 1. e4 e6 2. d4 d5 3. Nc3 Bb4 4. exd5 exd5 5. Bf4 (5. Bd3 Ne7 6. Nf3 O-O 7. O-O Nbc6 8. Ne2 Bf5 9. Ng3 Bg6 10. Nh4 Bxd3 11. Qxd3 Qd7 12. h3 Ng6 13. Nhf5 Nce7 14. c3 Nxf5 15. Nxf5 {1-0 (55) Harikrishna,P (2723)-Rapport,R (2726) Shenzhen 2019}) 5... Nf6 6. Bd3 {C01: French: Exchange Variation} O-O 7. Nge2 Be6 8. O-O {The position is equal.} Re8 $146 ({Predecessor:} 8... a6 9. a3 Bd6 10. Qd2 c5 11. Bxd6 Qxd6 12. dxc5 Qxc5 13. Nd4 Nc6 14. Nf3 {1-0 (32) Kable,J (1582)-Redzepagic,S Box Hill 2001}) 9. a3 Bd6 10. Re1 a6 11. Qd2 Bxf4 12. Nxf4 Qd6 13. Nxe6 Rxe6 14. Rxe6 fxe6 15. Re1 Nbd7 16. Ne2 Rf8 17. Qe3 h6 (17... e5 $11 18. Bf5 Re8) 18. Ng3 Ng4 (18... Kf7 $14) 19. Qxe6+ $16 Qxe6 20. Rxe6 Nxf2 (20... Kf7 $16 21. Re1 Ngf6) 21. Bf5 $18 Nd1 $2 (21... Ne4) 22. Re1 $1 {[%csl LRd1,LRd7][%mdl 64] [#] Discovered Attack} Nxb2 23. Bxd7 Nc4 24. Be6+ Kh8 25. Bxd5 Nxa3 26. Bxb7 Nxc2 27. Re7 a5 28. Rxc7 Nxd4 29. Rd7 Ne6 30. Bd5 Nc5 31. Ra7 a4 32. Ra5 Rc8 33. Ne4 Nxe4 (33... Nd7 {keeps fighting.} 34. Ra6 Rb8) 34. Bxe4 Rc4 35. Bg6 (35. Ra8+ $142 Rc8 36. Rxc8#) 35... Rg4 36. Bf5 {[%cal Ra5a8]} Rg5 37. Ra8# {Accuracy: White = 66%, Black = 36%.} 1-0

[Event "NSV Open-ch Rapid 2019"]
[Site "Lueneburg"]
[Date "2019.08.03"]
[Round "1.22"]
[White "Krueger, Dietrich"]
[Black "von Estorff, Jacob"]
[Result "0-1"]
[WhiteElo "1243"]
[BlackElo "2055"]
[Annotator "NA"]
[PlyCount "44"]
[EventDate "2019.08.03"]
[EventType "swiss"]
[EventCountry "GER"]
[SourceTitle "playchess.com"]
[Source "ChessBase"]
[SourceQuality "1"]
[TimeControl "600+5"]

1. d4 {[%emt 0:00:00]} Nf6 {[%emt 0:00:00]} 2. Nc3 {[%emt 0:00:03]} d5 {[%emt 0:00:00]} 3. Bf4 {[%emt 0:00:05]} e6 {[%emt 0:00:04]} 4. e3 {[%emt 0:00:07]} Bd6 {[%emt 0:00:03]} 5. Qf3 {[%emt 0:00:23]} O-O {[%emt 0:00:05]} 6. Bd3 {[%emt 0:00:21]} c5 {[%emt 0:00:07]} 7. Bg5 {[%emt 0:00:14]} Nbd7 {[%emt 0:00:06]} 8. Nge2 {[%emt 0:00:26]} c4 {[%emt 0:00:07]} 9. e4 {[%emt 0:01:02]} cxd3 {[%emt 0:00:03]} 10. cxd3 {[%emt 0:00:12]} dxe4 {[%emt 0:00:07]} 11. dxe4 {[%emt 0:00:13]} Be7 {[%emt 0:00:02]} 12. h4 {[%emt 0:00:22]} b5 {[%emt 0:00:12]} 13. O-O-O {[%emt 0:00:29]} b4 {[%emt 0:00:02]} 14. e5 {[%emt 0:00:26]} Nd5 {[%emt 0:00:07]} 15. Ne4 {[%emt 0:00:26]} Ba6 {[%emt 0:00:17]} 16. Nf4 {[%emt 0:00:28]} Nxf4 {[%emt 0:00:03]} 17. Qxf4 {[%emt 0:00:15]} b3 {[%emt 0:00:14]} 18. a3 {[%emt 0:00:08]} Nb6 {[%emt 0:00:15]} 19. h5 {[%emt 0:00:51]} Qc7+ {[%emt 0:00:04]} 20. Kb1 {[%emt 0:00:16]} Qc2+ {[%emt 0:00:05]} 21. Ka1 {[%emt 0:00:13]} Bxa3 {[%emt 0:00:04]} 22. Rd2 {[%emt 0:00:51]} Bxb2# {[%emt 0:00:25]} 0-1

[Event "NSV Open-ch Rapid 2019"]
[Site "Lueneburg"]
[Date "2019.08.03"]
[Round "1.25"]
[White "Doederlein, Etienne"]
[Black "Guo, Philipp Ziming"]
[Result "1/2-1/2"]
[WhiteElo "1868"]
[BlackElo "1728"]
[Annotator "NA"]
[PlyCount "85"]
[EventDate "2019.08.03"]
[EventType "swiss"]
[EventCountry "GER"]
[SourceTitle "playchess.com"]
[Source "ChessBase"]
[SourceQuality "1"]
[TimeControl "600+5"]

1. d4 {[%emt 0:00:00]} Nf6 {[%emt 0:00:00]} 2. Nf3 {[%emt 0:00:00]} e6 {[%emt 0:00:00]} 3. e3 {[%emt 0:00:00]} d5 {[%emt 0:00:02]} 4. Bd3 {[%emt 0:00:00]} Be7 {[%emt 0:00:07]} 5. c3 {[%emt 0:00:02]} b6 {[%emt 0:00:04]} 6. Nbd2 {[%emt 0:00:01]} Bb7 {[%emt 0:00:01]} 7. O-O {[%emt 0:00:02]} Nbd7 {[%emt 0:00:02]} 8. Ne5 {[%emt 0:00:07]} Nxe5 {[%emt 0:00:06]} 9. dxe5 {[%emt 0:00:02]} Nd7 {[%emt 0:00:03]} 10. f4 {[%emt 0:00:01]} c5 {[%emt 0:00:04]} 11. Qf3 {[%emt 0:00:33]} Qc7 {[%emt 0:00:09]} 12. Qh3 {[%emt 0:00:17]} h5 {[%emt 0:00:16]} 13. c4 {[%emt 0:00:45]} O-O-O {[%emt 0:00:19]} 14. cxd5 {[%emt 0:00:17]} exd5 {[%emt 0:00:05]} 15. Bb5 {[%emt 0:00:59]} Kb8 {[%emt 0:00:30]} 16. Nf3 {[%emt 0:00:43]} a6 {[%emt 0:00:31]} 17. Be2 {[%emt 0:00:37]} Rdg8 {[%emt 0:01:23]} 18. Nh4 {[%emt 0:01:55]} Bxh4 {[%emt 0:01:12]} 19. Qxh4 {[%emt 0:00:01]} c4 {[%emt 0:01:04]} 20. Qe7 {[%emt 0:00:49]} Nc5 {[%emt 0:00:32]} 21. Qxc7+ {[%emt 0:00:10]} Kxc7 {[%emt 0:00:00]} 22. Bd2 {[%emt 0:00:10]} Ne4 {[%emt 0:00:03]} 23. Rfd1 {[%emt 0:00:32]} f6 {[%emt 0:01:10]} 24. exf6 {[%emt 0:00:17]} gxf6 {[%emt 0:00:06]} 25. Bf3 {[%emt 0:00:14]} f5 {[%emt 0:00:13]} 26. Bxe4 {[%emt 0:00:09]} fxe4 {[%emt 0:00:01]} 27. Bc3 {[%emt 0:00:01]} Rh6 {[%emt 0:00:17]} 28. Be5+ {[%emt 0:00:27]} Kd7 {[%emt 0:00:21]} 29. Rac1 {[%emt 0:00:02]} Ke6 {[%emt 0:00:09]} 30. b3 {[%emt 0:00:06]} cxb3 {[%emt 0:00:54]} 31. axb3 {[%emt 0:00:07]} Rh7 {[%emt 0:00:03]} 32. Rd2 {[%emt 0:00:29]} Rc8 {[%emt 0:00:20]} 33. Rxc8 {[%emt 0:00:10]} Bxc8 {[%emt 0:00:00]} 34. Rc2 {[%emt 0:00:00]} Bb7 {[%emt 0:00:14]} 35. Kf2 {[%emt 0:00:13]} Rd7 {[%emt 0:00:08]} 36. Rc7 {[%emt 0:00:04]} Rxc7 {[%emt 0:00:14]} 37. Bxc7 {[%emt 0:00:02]} b5 {[%emt 0:00:00]} 38. Ba5 {[%emt 0:00:14]} Kf5 {[%emt 0:00:04]} 39. Bc3 {[%emt 0:00:47]} Bc6 {[%emt 0:00:16]} 40. b4 {[%emt 0:00:11]} Be8 {[%emt 0:00:02]} 41. Kg3 {[%emt 0:00:16]} Bg6 {[%emt 0:00:03]} 42. Kh4 {[%emt 0:00:14]} Be8 {[%emt 0:00:02]} 43. Kg3 {[%emt 0:00:02]} 1/2-1/2

[Event "NSV Open-ch Rapid 2019"]
[Site "Lueneburg"]
[Date "2019.08.03"]
[Round "2.1"]
[White "Marzik, Hans"]
[Black "Vorobiov, Evgeny E."]
[Result "0-1"]
[WhiteElo "2105"]
[BlackElo "2578"]
[Annotator "RC"]
[PlyCount "42"]
[EventDate "2019.08.03"]
[EventType "swiss"]
[EventCountry "GER"]
[SourceTitle "playchess.com"]
[Source "ChessBase"]
[SourceQuality "1"]
[TimeControl "600+5"]

1. d4 {[%emt 0:00:00]} d5 {[%emt 0:00:01]} 2. c4 {[%emt 0:00:01]} dxc4 {[%emt 0:00:02]} 3. Nf3 {[%emt 0:00:01]} a6 {[%emt 0:00:01]} 4. e4 {[%emt 0:01:14]} b5 {[%emt 0:00:03]} 5. a4 {[%emt 0:00:03]} Bb7 {[%emt 0:00:12]} 6. Qc2 {[%emt 0:01:07]} e6 {[%emt 0:00:43]} 7. Be2 {[%emt 0:00:26]} Nf6 {[%emt 0:00:25]} 8. Nbd2 {[%emt 0:00:05]} Bb4 {[%emt 0:00:40]} 9. e5 {[%emt 0:00:35]} Nd5 {[%emt 0:00:32]} 10. O-O {[%emt 0:00:18]} Nf4 {[%emt 0:00:13]} 11. Ne4 {[%emt 0:00:47]} Nxe2+ {[%emt 0:00:18]} 12. Qxe2 {[%emt 0:00:01]} Qd5 {[%emt 0:00:24]} 13. Ng3 {[%emt 0:00:45]} Nc6 {[%emt 0:00:25]} 14. axb5 {[%emt 0:00:28]} Nxd4 {[%emt 0:00:22]} 15. Qe3 {[%emt 0:00:10]} Nxf3+ {[%emt 0:00:38]} 16. gxf3 {[%emt 0:00:02]} axb5 {[%emt 0:00:25]} 17. Rxa8+ {[%emt 0:00:18]} Bxa8 {[%emt 0:00:02]} 18. Kg2 {[%emt 0:01:07]} h5 {[%emt 0:00:46]} 19. h4 {[%emt 0:00:15]} Be7 {[%emt 0:00:41]} 20. Bd2 {[%emt 0:01:08]} g5 {[%emt 0:00:24]} 21. Ne4 {[%emt 0:01:15]} g4 {[%emt 0:00:21]} 0-1

[Event "NSV Open-ch Rapid 2019"]
[Site "Lueneburg"]
[Date "2019.08.03"]
[Round "2.2"]
[White "Schneider, Ilja"]
[Black "Chennaoui, Yasin"]
[Result "1-0"]
[WhiteElo "2494"]
[BlackElo "2092"]
[Annotator "RC"]
[PlyCount "115"]
[EventDate "2019.08.03"]
[EventType "swiss"]
[EventCountry "GER"]
[SourceTitle "playchess.com"]
[Source "ChessBase"]
[SourceQuality "1"]
[TimeControl "600+5"]

1. d4 {[%emt 0:00:00]} d6 {[%emt 0:00:00]} 2. e4 {[%emt 0:00:05]} Nf6 {[%emt 0:00:05]} 3. Nc3 {[%emt 0:00:05]} e5 {[%emt 0:00:05]} 4. dxe5 dxe5 {[%emt 0:00:05]} 5. Qxd8+ {[%emt 0:00:10]} Kxd8 {[%emt 0:00:05]} 6. Bg5 {[%emt 0:00:05]} c6 {[%emt 0:00:05]} 7. O-O-O+ {[%emt 0:00:08]} Nbd7 {[%emt 0:00:05]} 8. g3 {[%emt 0:00:10]} h6 {[%emt 0:00:21]} 9. Bxf6+ {[%emt 0:00:05]} gxf6 {[%emt 0:00:05]} 10. Bh3 {[%emt 0:00:05]} Bc5 {[%emt 0:00:11]} 11. f3 {[%emt 0:00:10]} Be3+ {[%emt 0:00:33]} 12. Kb1 {[%emt 0:00:05]} Ke7 {[%emt 0:00:05]} 13. Nge2 {[%emt 0:00:22]} h5 {[%emt 0:00:15]} 14. Bf5 {[%emt 0:01:26]} Nc5 {[%emt 0:00:36]} 15. h4 {[%emt 0:00:46]} Ne6 {[%emt 0:01:30]} 16. g4 {[%emt 0:00:25]} Nd4 {[%emt 0:01:12]} 17. Nxd4 {[%emt 0:00:51]} exd4 {[%emt 0:00:05]} 18. Ne2 {[%emt 0:00:05]} Bxf5 {[%emt 0:00:05]} 19. exf5 {[%emt 0:01:01]} hxg4 {[%emt 0:00:05]} 20. Nxd4 {[%emt 0:00:22]} Bxd4 {[%emt 0:00:07]} 21. Rxd4 {[%emt 0:00:05]} gxf3 {[%emt 0:00:05]} 22. Re1+ {[%emt 0:00:13]} Kf8 {[%emt 0:00:05]} 23. Rf1 {[%emt 0:00:07]} Re8 {[%emt 0:00:05]} 24. Kc1 {[%emt 0:00:28]} Re3 {[%emt 0:01:00]} 25. Kd2 {[%emt 0:00:05]} Re2+ {[%emt 0:00:05]} 26. Kd3 {[%emt 0:00:05]} Rh2 {[%emt 0:00:05]} 27. Rxf3 {[%emt 0:00:49]} R8xh4 {[%emt 0:00:05]} 28. Rd7 {[%emt 0:00:08]} Rg2 {[%emt 0:01:26]} 29. Rxb7 {[%emt 0:01:11]} Rhh2 {[%emt 0:00:05]} 30. Rb8+ {[%emt 0:00:38]} Kg7 {[%emt 0:00:05]} 31. c3 {[%emt 0:00:05]} Rd2+ {[%emt 0:00:05]} 32. Kc4 {[%emt 0:00:05]} Rxb2 {[%emt 0:00:10]} 33. Rg3+ {[%emt 0:00:05]} Kh7 {[%emt 0:00:05]} 34. Rbg8 {[%emt 0:00:05]} Rxa2 {[%emt 0:00:15]} 35. R8g7+ {[%emt 0:00:13]} Kh8 {[%emt 0:00:26]} 36. Rg8+ {[%emt 0:00:08]} Kh7 {[%emt 0:00:05]} 37. R3g7+ {[%emt 0:00:09]} Kh6 {[%emt 0:00:05]} 38. Rxf7 {[%emt 0:00:05]} Rhg2 {[%emt 0:00:28]} 39. Rxf6+ {[%emt 0:00:09]} Kh5 {[%emt 0:00:13]} 40. Rxg2 {[%emt 0:00:15]} Rxg2 {[%emt 0:00:05]} 41. Rxc6 {[%emt 0:00:05]} Ra2 {[%emt 0:00:05]} 42. Rg6 {[%emt 0:00:22]} Ra4+ {[%emt 0:00:25]} 43. Kd5 {[%emt 0:00:11]} Ra5+ {[%emt 0:00:05]} 44. Ke6 {[%emt 0:00:09]} Ra6+ {[%emt 0:00:18]} 45. Kf7 {[%emt 0:00:05]} Ra3 {[%emt 0:00:05]} 46. Rg3 {[%emt 0:00:06]} a5 {[%emt 0:00:05]} 47. f6 {[%emt 0:00:05]} a4 {[%emt 0:00:05]} 48. Kg7 {[%emt 0:00:05]} Kh4 {[%emt 0:00:09]} 49. Rd3 {[%emt 0:00:05]} Ra1 {[%emt 0:00:05]} 50. Rd4+ {[%emt 0:00:48]} Kh5 {[%emt 0:00:10]} 51. Rd5+ {[%emt 0:00:05]} Kh4 {[%emt 0:00:05]} 52. f7 {[%emt 0:00:05]} Rg1+ {[%emt 0:00:05]} 53. Kf6 {[%emt 0:00:05]} Rf1+ {[%emt 0:00:06]} 54. Rf5 {[%emt 0:00:05]} Rxf5+ {[%emt 0:00:05]} 55. Kxf5 {[%emt 0:00:05]} a3 {[%emt 0:00:05]} 56. f8=Q {[%emt 0:00:05]} a2 {[%emt 0:00:05]} 57. Kf4 {[%emt 0:00:06]} a1=Q {[%emt 0:00:05]} 58. Qh8# {[%emt 0:00:05]} 1-0

[Event "NSV Open-ch Rapid 2019"]
[Site "Lueneburg"]
[Date "2019.08.03"]
[Round "2.3"]
[White "Daemmig, Matthias"]
[Black "Lubbe, Nikolas"]
[Result "0-1"]
[WhiteElo "2059"]
[BlackElo "2431"]
[Annotator "TA"]
[PlyCount "68"]
[EventDate "2019.08.03"]
[EventType "swiss"]
[EventCountry "GER"]
[SourceTitle "playchess.com"]
[Source "ChessBase"]
[SourceQuality "1"]

{[%evp 9,68,-33,6,13,46,43,52,22,41,-7,-9,-17,-20,-37,-43,-74,-21,-47,-35,-48,-34,-25,31,-104,-51,-51,-57,-47,0,-222,-45,-105,0,-46,0,-55,-57,-118,-130,-110,-71,-75,-78,-78,-78,-74,-79,-76,-4,-49,-47,-83,-46,-29,0,-229,-229,-406,-407,-29997,-29998]} 1. d4 Nf6 2. Nc3 d5 3. Bg5 Nbd7 4. f3 h6 5. Bh4 e6 6. e4 {D01: Veresov Opening} g5 (6... Be7 7. e5 Nh7 8. Bxe7 Qxe7 9. f4 b6 10. Nf3 Bb7 11. Bd3 O-O-O 12. a4 g5 13. f5 exf5 14. Bxf5 Kb8 {1-0 (32) Mamedyarov,S (2801)-Giri,A (2782) chess.com INT 2018}) 7. Bg3 c6 8. Qd3 {White is slightly better.} Nh5 $146 ({Predecessor:} 8... a6 9. O-O-O Qa5 10. h4 Nh5 11. Be1 Nf4 12. Qe3 Qd8 13. hxg5 Ng6 14. exd5 Qxg5 15. Qxg5 hxg5 16. Rxh8 Nxh8 17. dxe6 fxe6 {1-0 (25) Thuesen,M (2158)-Tolba,H (1739) Helsingor 2015}) 9. Nge2 Nxg3 10. hxg3 b5 {[%cal Bb7b5,Bb5b4][%mdl 32]} 11. f4 b4 12. Na4 a5 (12... dxe4 $17 13. Qxe4 Bb7) 13. exd5 cxd5 14. O-O-O Ba6 15. Qe3 Bb5 (15... Bg7 $11) 16. b3 (16. Nc5 $14 {was the only good move.}) 16... Be7 (16... Bxa4 $17 17. bxa4 Bg7) 17. Kb1 $15 Bxa4 18. bxa4 Nb6 19. f5 $2 (19. Ng1 $11 {and White stays safe.}) 19... exf5 $2 (19... Nc4 $19 20. Qd3 exf5 21. Qxf5 Ra6) 20. Qe5 {[#]} (20. Nc1 $15) 20... Rg8 (20... f6 $1 $17 {[%cal Rf6e5]} 21. Qxf5 Nxa4) 21. Rxh6 {Threatens to win with Nc1.} Nxa4 22. Qxf5 (22. Re1 $1 $11) 22... Qd7 23. g4 ({Better is} 23. Qh7 $15 O-O-O 24. Qd3 (24. Qxf7 Rgf8 $15)) 23... Qxf5 $17 24. gxf5 Kf8 25. g4 Kg7 26. Rc6 Rgc8 $36 {[%mdl 2048] Black is in control.} 27. Rxc8 Rxc8 28. Bg2 Bf6 ({Black should try} 28... Nb6 $17) 29. Bxd5 Re8 30. Bb3 Nb6 {[%mdl 1024] Black has strong compensation.} 31. Ng3 {Strongly threatening Nh5+.} Bd8 {Hoping for ...a4.} 32. d5 $2 (32. f6+ $11 Kf8 33. a4) 32... a4 $19 33. Nh5+ $2 (33. d6 axb3 34. cxb3) 33... Kf8 34. Rd4 {[#]} (34. d6 $19 axb3 35. Rd4) 34... Re1+ 0-1

[Event "NSV Open-ch Rapid 2019"]
[Site "Lueneburg"]
[Date "2019.08.03"]
[Round "2.4"]
[White "Jahncke, Giso"]
[Black "Fischer, Thomas"]
[Result "1-0"]
[WhiteElo "2325"]
[BlackElo "2106"]
[Annotator "TA"]
[PlyCount "104"]
[EventDate "2019.08.03"]
[EventType "swiss"]
[EventCountry "GER"]
[SourceTitle "playchess.com"]
[Source "ChessBase"]
[SourceQuality "1"]

{[%evp 9,104,17,54,49,55,58,64,61,66,47,44,44,39,38,71,49,71,41,60,31,36,27,27,7,56,24,52,60,58,30,35,31,41,27,35,29,31,31,65,62,73,31,49,28,52,0,0,0,0,-36,-28,-33,-36,-127,-114,-248,-239,-250,-170,-146,-166,-136,-116,-117,-91,-121,-89,-212,-110,-472,-472,-476,-439,-269,-116,-139,-8,-8,-8,-14,0,-16,0,-46,0,0,0,0,0,0,0,0,0,0,8,8,8]} 1. d4 f5 2. Nc3 d5 3. Bf4 e6 4. e3 Nf6 5. Nb5 Na6 (5... Bd6 6. Nxd6+ cxd6 7. Nf3 O-O 8. c4 Ne4 9. cxd5 g5 10. Bg3 exd5 11. Bd3 f4 12. Qb3 Qa5+ 13. Kf1 {0-1 (26) Granda Zuniga,J (2672)-Lagarde,M (2572) Escaldes 2016}) 6. c4 {A80: Dutch Defence: Unusual White second moves} c6 7. Nc3 Bd6 8. Bxd6 {White is slightly better.} Qxd6 9. Nf3 Nc7 10. Bd3 $146 ({Predecessor:} 10. c5 Qe7 11. Ne5 O-O 12. Bd3 Bd7 13. O-O {½-½ (57) Kalaiyalahan,A (2127)-Waddington,M (2070) Llandudno 2017}) 10... O-O 11. O-O Bd7 12. Ne5 Be8 13. Rb1 (13. c5 $5 {[%cal Rc5d6]} Qd8 14. Qf3 $16) 13... Bh5 14. f3 Nd7 15. Nxd7 Qxd7 16. b4 a6 17. a4 b5 18. cxb5 cxb5 19. axb5 axb5 20. Qe2 {[%cal Rc3b5]} Rfb8 21. Ra1 Be8 22. Qb2 Qc6 23. Ne2 Rxa1 24. Rxa1 Ra8 25. Rc1 Qd6 26. Qc3 Ra7 27. Qc5 (27. Nf4 $14) 27... Qxc5 $11 28. bxc5 Ra3 29. Rc3 (29. Rd1 {seems wilder.} b4 30. Kf2 Nb5 31. Rd2 Nc3 32. Nxc3 bxc3 33. Rc2) 29... b4 30. Rxa3 bxa3 {[%mdl 4096] Endgame KBN-KBN} 31. Bb1 ({White should try} 31. Nc3 $15) 31... Bb5 32. Nc3 (32. Kf2 $17) 32... Bc4 $19 33. Ba2 Kf8 34. Bxc4 dxc4 {KN-KN} 35. Kf2 {[#]} Nb5 $1 {[%mdl 512]} 36. Na2 (36. Nxb5 a2) 36... Ke7 37. Ke2 g5 38. g3 {[#]} (38. Kd2 $17 {was worth a try.}) 38... h5 ({Black should play} 38... f4 $1 $19 {[%mdl 512]} 39. gxf4 (39. exf4 gxf4) 39... gxf4) 39. h4 $2 {[%mdl 8192]} (39. f4 $17 {is tougher.} gxf4 40. gxf4) 39... gxh4 40. gxh4 {[#]} f4 $1 {[%mdl 512]} 41. Kd2 (41. exf4 Nxd4+) 41... fxe3+ (41... Kf6 $19 {has better winning chances.} 42. Ke2 Ke7) 42. Kxe3 $17 {[#]} Kd7 (42... Nc7 $1 $17 43. Ke4 Nd5) 43. Ke4 $11 Kc6 44. Nb4+ Kd7 {Strongly threatening ...Nc3+.} 45. Na2 $1 Kc6 46. f4 Kc7 47. d5 {The position is equal.} Kd7 48. Ke5 exd5 49. Kxd5 c3 50. Kc4 Nc7 51. Nxc3 Ne6 52. f5 Nf4 {[%mdl 32768] Accuracy: White = 30%, Black = 39%. . Loss on time!?} 1-0